The joy of music
Shranjeno v:
| Glavni avtor: | |
|---|---|
| Format: | Knjiga |
| Jezik: | angleščina |
| Izdano: |
Nueva York
Simon and Schuster
1959
|
| Teme: | |
| Oznake: |
Označite
Brez oznak, prvi označite!
|
MARC
| LEADER | 00000nam a2200000 a 4500 | ||
|---|---|---|---|
| 001 | UCW2439 | ||
| 003 | CL-VaPUC | ||
| 005 | 20231113112516.0 | ||
| 008 | 900529e19590000US |||||||||||||||||eng|d | ||
| 999 | |c 216989 |d 216987 | ||
| 040 | |c Pontificia Universidad Católica de Valparaíso | ||
| 082 | 0 | 4 | |a 780.7 BER 1959 |2 21 |
| 100 | 0 | |a Bernstein, Leonard |e author |9 306572 | |
| 245 | 1 | 4 | |a The joy of music |
| 260 | |a Nueva York |b Simon and Schuster |c 1959 | ||
| 300 | |a 303 p | ||
| 583 | |a last modification |c 19900529 00:00:00 |k Rodrigo Vera | ||
| 650 | 0 | |a Música estudio e instrucción |9 306355 | |
| 942 | |c BK |2 ddc | ||
| 945 | |d 19900529 00:00:00 | ||
| 952 | |0 0 |1 0 |4 0 |6 780_700000000000000_BER_1959 |7 0 |8 A |9 203464 |a BIBEDU |b BIBEDU |d 2019-11-15 |i 270692K |o 780.7 BER 1959 |p 270692K |r 2023-01-12 |w 2019-11-15 |y BK |k MUS | ||
| 952 | |0 0 |1 0 |4 0 |6 780_700000000000000_BER_1959 |7 0 |8 A |9 203465 |a BIBEDU |b BIBEDU |d 2019-11-15 |i 1190059 |o 780.7 BER 1959 |p 1190059 |r 2023-01-12 |w 2019-11-15 |y BK |k MUS | ||